[Event "Heusenstamm Sparkassen op-A 6th"]
[Site "Heusenstamm"]
[Date "2019.11.21"]
[Round "1"]
[White "Valenta, Richard"]
[Black "Stork, Oliver"]
[Result "0-1"]
[WhiteElo "1938"]
[BlackElo "2287"]
[PlyCount "56"]
[EventDate "2019.11.21"]
[EventType "swiss"]
[EventRounds "7"]
[EventCountry "GER"]
[SourceTitle "CBM 194 Extra"]
[Source "ChessBase"]
[SourceDate "2020.03.31"]
[SourceVersion "1"]
[SourceVersionDate "2020.03.31"]
[SourceQuality "1"]

1. d4 Nf6 2. c4 g6 3. Nc3 d5 4. Nf3 Bg7 5. e3 0-0 6. cxd5 Nxd5 7. g3 c5 8. Bg2 cxd4 9. Nxd4 Nxc3 10. bxc3 e5 11. Ne2 Qc7 12. 0-0 Nc6 13. Qa4 Bd7 14. Bb2 Rac8 15. Rfc1 Na5 16. Qc2 Rfd8 17. Rd1 Qc4 18. Bd5 Ba4 19. Qd3 Rxd5 20. Qxd5 Qxe2 21. Rd2 Qa6 22. Ba3 h5 23. Bb4 Nc4 24. Rd3 Bc2 25. Qd7 Nb6 26. Qxc8+ Nxc8 27. Rd8+ Kh7 28. Rxc8 Qe2 0-1

[Event "Dortmund Sparkassen op-B 44th"]
[Site "Dortmund"]
[Date "2016.07.11"]
[Round "3"]
[White "Valenta, Richard"]
[Black "Bautz, Volker"]
[Result "1-0"]
[WhiteElo "1956"]
[BlackElo "1816"]
[PlyCount "105"]
[EventDate "2016.07.09"]
[EventType "swiss"]
[EventRounds "9"]
[EventCountry "GER"]
[SourceTitle "CBM 173 Extra"]
[Source "ChessBase"]
[SourceDate "2016.08.29"]
[SourceVersion "1"]
[SourceVersionDate "2016.08.29"]
[SourceQuality "1"]

1. c4 b6 2. Nf3 Bb7 3. Nc3 e6 4. a3 f5 5. d4 Nf6 6. Bg5 Be7 7. e3 0-0 8. Be2 Ne4 9. Bxe7 Qxe7 10. Qc2 d6 11. Bd3 Nxc3 12. Qxc3 Nd7 13. 0-0-0 Nf6 14. Qc2 Ne4 15. Rhg1 Kh8 16. Rdf1 c5 17. dxc5 Nxc5 18. Nd2 Rac8 19. Kb1 Nxd3 20. Qxd3 Rc7 21. g4 g6 22. h4 f4 23. e4 Rd8 24. Qf3 Qf7 25. Rc1 d5 26. cxd5 Rxc1+ 27. Rxc1 exd5 28. Qc3+ Kg8 29. Qd4 Qd7 30. e5 Qxg4 31. Rc7 Qf5+ 32. Ka1 Rd7 33. Rxd7 Qxd7 34. Qxf4 Qf7 35. Qe3 Bc8 36. Nf3 Qf5 37. Nd4 Qe4 38. Qxe4 dxe4 39. Kb1 Kg7 40. Kc1 Bb7 41. Kd2 Kf7 42. Ke3 a6 43. Kf4 h6 44. b4 b5 45. Nb3 Bc8 46. Nc5 Ke7 47. Kxe4 Bf5+ 48. Kd5 g5 49. hxg5 h5 50. Kd4 h4 51. Ke3 Bg4 52. f4 h3 53. Kf2 1-0

[Event "Maastricht Limburg op-B 9th"]
[Site "Maastricht"]
[Date "2015.05.25"]
[Round "6"]
[White "Valenta, Richard"]
[Black "Porteman, Eric"]
[Result "1-0"]
[WhiteElo "1810"]
[BlackElo "1923"]
[PlyCount "87"]
[EventDate "2015.05.22"]
[EventType "swiss"]
[EventRounds "7"]
[EventCountry "NED"]
[SourceTitle "EXT 2016"]
[Source "ChessBase"]
[SourceDate "2015.10.08"]
[SourceVersion "1"]
[SourceVersionDate "2015.10.08"]
[SourceQuality "1"]

1. c4 b6 2. Nf3 Bb7 3. g3 e6 4. Bg2 d5 5. 0-0 Nf6 6. d3 Nbd7 7. cxd5 exd5 8. Nc3 c5 9. d4 c4 10. Re1 Bb4 11. Bd2 0-0 12. Qc2 Re8 13. Nb5 Bxd2 14. Nxd2 Re6 15. Qf5 a6 16. Nc3 b5 17. Bxd5 g6 18. Qf3 Nxd5 19. Nxd5 Nb6 20. Nf6+ Rxf6 21. Qxb7 Qxd4 22. Ne4 Rf5 23. Rad1 Qe5 24. Nd6 Rf6 25. Qxb6 Qxb2 26. Nxc4 Qc3 27. Qb7 Re8 28. Ne3 Qc5 29. Qd5 Qa3 30. Rd3 Qa5 31. Red1 Rfe6 32. R3d2 Qa3 33. Qd4 Re4 34. Qd3 Qe7 35. Nd5 Qe5 36. e3 Rc4 37. Nb6 Re4 38. Nd7 Qe7 39. Qxe4 Qxe4 40. Nf6+ Kg7 41. Nxe4 Rxe4 42. Rd4 Re5 43. a4 Rc5 44. axb5 1-0

[Event "Maastricht Limburg op-B 9th"]
[Site "Maastricht"]
[Date "2015.05.23"]
[Round "3"]
[White "Iov, Dmitrii"]
[Black "Valenta, Richard"]
[Result "1/2-1/2"]
[WhiteElo "1916"]
[BlackElo "1810"]
[PlyCount "132"]
[EventDate "2015.05.22"]
[EventType "swiss"]
[EventRounds "7"]
[EventCountry "NED"]
[SourceTitle "EXT 2016"]
[Source "ChessBase"]
[SourceDate "2015.10.08"]
[SourceVersion "1"]
[SourceVersionDate "2015.10.08"]
[SourceQuality "1"]

1. d4 Nf6 2. c4 d6 3. Nf3 g6 4. Nc3 Bg7 5. e4 c6 6. Be2 0-0 7. 0-0 Bg4 8. h3 Bxf3 9. Bxf3 Nbd7 10. Rb1 c5 11. d5 Nb6 12. Be2 Nfd7 13. f4 Qc7 14. Nb5 Qb8 15. a4 a6 16. Nc3 Qc7 17. Be3 Rae8 18. Qc2 e6 19. dxe6 fxe6 20. Rbd1 Nc8 21. Qd3 Nb8 22. f5 exf5 23. exf5 gxf5 24. Bh5 Rxe3 25. Qxe3 Bd4 26. Rxd4 cxd4 27. Qe6+ Kh8 28. Nd5 Qd7 29. Qh6 Qg7 30. Qf4 Nd7 31. Qd2 Nc5 32. Nf4 Ne4 33. Qd3 Qe5 34. Ne2 Nc5 35. Qxd4 Nxa4 36. b3 Nc5 37. b4 Ne4 38. Qd3 Ne7 39. Bf3 Rg8 40. Bxe4 fxe4 41. Qe3 Nf5 42. Qf2 Ng3 43. Nxg3 Rxg3 44. Qf8+ Rg8 45. Qf6+ Qxf6 46. Rxf6 Rc8 47. Rxd6 Rxc4 48. Rd8+ Kg7 49. Rd7+ Kf6 50. Rxb7 Ke5 51. Kf2 Rc2+ 52. Ke3 Rc3+ 53. Kd2 Rg3 54. Rxh7 Rxg2+ 55. Ke3 Rg3+ 56. Kf2 Rb3 57. Rh6 Rxb4 58. Rxa6 Rb2+ 59. Kg3 Kd4 60. h4 Ke3 61. Ra3+ Ke2 62. Kf4 Kf1 63. Rc3 Rh2 64. Kg3 Re2 65. Kf4 Rh2 66. Kg3 Re2 1/2-1/2

[Event "Goch op 25th"]
[Site "Goch"]
[Date "2014.09.07"]
[Round "6"]
[White "Wraga, Hermann"]
[Black "Valenta, Richard"]
[Result "0-1"]
[WhiteElo "1592"]
[BlackElo "1785"]
[PlyCount "62"]
[EventDate "2014.09.04"]
[EventType "swiss"]
[EventRounds "7"]
[EventCountry "GER"]
[SourceTitle "EXT 2016"]
[Source "ChessBase"]
[SourceDate "2015.10.08"]
[SourceVersion "1"]
[SourceVersionDate "2015.10.08"]
[SourceQuality "1"]

1. e4 c5 2. d3 g6 3. Nd2 Bg7 4. g3 Nc6 5. Bg2 d6 6. h3 Nf6 7. Ngf3 Bd7 8. 0-0 0-0 9. c3 Qc8 10. Kh2 Rb8 11. Qc2 b5 12. Re1 Ne8 13. Rb1 b4 14. Bf1 bxc3 15. bxc3 Rxb1 16. Nxb1 Nc7 17. Bd2 Ne6 18. Bg2 Qa6 19. Bf1 Qa5 20. Bg2 Rb8 21. Bf1 h5 22. Bg2 Ne5 23. Nxe5 Bxe5 24. a3 Ba4 25. Qc1 Qb5 26. Bf1 Qb2 27. Be3 Bc2 28. Nd2 Qxc3 29. f4 Bd4 30. Bxd4 Nxd4 31. e5 Qxd2+ 0-1

[Event "Goch op 23rd"]
[Site "Goch"]
[Date "2012.08.31"]
[Round "2"]
[White "Werth, Marcus"]
[Black "Valenta, Richard"]
[Result "0-1"]
[WhiteElo "1003"]
[BlackElo "1735"]
[PlyCount "42"]
[EventDate "2012.08.30"]
[EventType "swiss"]
[EventRounds "7"]
[EventCountry "GER"]
[SourceTitle "EXT 2015"]
[Source "ChessBase"]
[SourceDate "2014.11.20"]
[SourceVersion "1"]
[SourceVersionDate "2014.11.20"]
[SourceQuality "1"]

1. e4 c5 2. Nf3 g6 3. Bc4 Bg7 4. Nc3 d6 5. d3 Nf6 6. e5 dxe5 7. Nxe5 0-0 8. Qf3 Qd4 9. Bf4 e6 10. 0-0 Nh5 11. g3 Bxe5 12. Bxe5 Qxe5 13. Rfe1 Qf6 14. Qg4 Nc6 15. Re3 Ne5 16. Qe4 Nxc4 17. Qxc4 b6 18. Rae1 Bb7 19. Re5 Ng7 20. R1e3 Nf5 21. Ne4 Qxe5 0-1

[Event "Goch op 21st"]
[Site "Goch"]
[Date "2010.10.01"]
[Round "3"]
[White "Valenta, Richard"]
[Black "Bondarchuk, Vadim"]
[Result "1/2-1/2"]
[WhiteElo "1732"]
[BlackElo "2019"]
[PlyCount "77"]
[EventDate "2010.09.30"]
[EventType "swiss"]
[EventRounds "7"]
[EventCountry "GER"]
[SourceTitle "EXT 2012"]
[Source "ChessBase"]
[SourceDate "2011.11.24"]
[SourceVersion "1"]
[SourceVersionDate "2011.11.24"]
[SourceQuality "1"]

1. d4 d5 2. c4 e6 3. Nf3 Nf6 4. e3 Ne4 5. Nbd2 f5 6. Ne5 g6 7. h4 Bg7 8. h5 Bxe5 9. dxe5 g5 10. Nxe4 dxe4 11. Qxd8+ Kxd8 12. b3 c5 13. Bb2 Nc6 14. 0-0-0+ Ke7 15. Be2 h6 16. Rd6 a5 17. Rhd1 a4 18. f3 axb3 19. axb3 Rf8 20. fxe4 fxe4 21. Rf1 Bd7 22. g4 Nb4 23. Rdd1 Bc6 24. Rf6 Rxf6 25. exf6+ Kf7 26. Kb1 Be8 27. Bf1 Ra6 28. Rd8 Rb6 29. Bg2 Nc6 30. Rc8 Bd7 31. Rc7 Nb8 32. Bxe4 Rxb3 33. Rxb7 Rxb7 34. Bxb7 Nc6 35. Bc3 e5 36. Bxc6 Bxc6 37. Bxe5 Bd7 38. Bd6 Kxf6 39. Bf8 1/2-1/2

[Event "Dortmund Sparkassen op-B"]
[Site "Dortmund"]
[Date "2010.07.19"]
[Round "3"]
[White "Valenta, Richard"]
[Black "Vestrick, Frank"]
[Result "1/2-1/2"]
[WhiteElo "1732"]
[BlackElo "1631"]
[PlyCount "88"]
[EventDate "2010.07.17"]
[EventType "swiss"]
[EventRounds "9"]
[EventCountry "GER"]
[SourceTitle "EXT 2014"]
[Source "ChessBase"]
[SourceDate "2013.11.20"]
[SourceVersion "1"]
[SourceVersionDate "2013.11.20"]
[SourceQuality "1"]

1. d4 Nf6 2. c4 g6 3. Nf3 Bg7 4. Bf4 d6 5. Nc3 0-0 6. h3 Nbd7 7. e3 c5 8. Bd3 Qa5 9. 0-0 a6 10. Qc2 Ne8 11. Rfe1 Nc7 12. d5 b5 13. e4 Nb6 14. cxb5 axb5 15. Bg5 Re8 16. a3 Na4 17. Bd2 Qb6 18. Bxb5 Nxb5 19. Nxa4 Qb7 20. Nc3 Bd7 21. Nxb5 Qxb5 22. Bc3 Reb8 23. Bxg7 Kxg7 24. Rab1 Qa6 25. Qc3+ Kg8 26. Nd2 Bb5 27. Re3 Rb6 28. f4 Qb7 29. f5 Rb8 30. h4 Be8 31. b3 Qa7 32. Ra1 Ra6 33. a4 Rab6 34. h5 Rb4 35. Rh3 c4+ 36. Kh2 cxb3 37. fxg6 fxg6 38. h6 Qd4 39. Qxd4 Rxd4 40. Rxb3 Rxb3 41. Nxb3 Rxa4 42. Rxa4 Bxa4 43. Nd4 Kf7 44. Kg3 Bd7 1/2-1/2

[Event "Nettetal op"]
[Site "Nettetal"]
[Date "2010.07.11"]
[Round "9"]
[White "Westendorp, Christian"]
[Black "Valenta, Richard"]
[Result "0-1"]
[WhiteElo "1832"]
[BlackElo "1726"]
[PlyCount "60"]
[EventDate "2010.07.03"]
[EventType "swiss"]
[EventRounds "9"]
[EventCountry "GER"]
[SourceTitle "CBM 137 Extra"]
[Source "ChessBase"]
[SourceDate "2010.09.01"]
[SourceVersion "1"]
[SourceVersionDate "2010.09.01"]
[SourceQuality "1"]

1. d4 Nf6 2. c4 g6 3. Nc3 Bg7 4. e4 d6 5. Bf4 0-0 6. Nf3 Bg4 7. h3 Bxf3 8. Qxf3 Nc6 9. Rd1 Qc8 10. Be2 e5 11. dxe5 dxe5 12. Bg5 Nd4 13. Qg3 Nxe2 14. Nxe2 Nxe4 15. Qh4 Nxg5 16. Qxg5 Qe6 17. b3 h6 18. Qg3 Rad8 19. 0-0 Qf5 20. Rc1 Rd3 21. f3 Rfd8 22. Nc3 c6 23. Ne4 Qxe4 24. fxe4 Rxg3 25. Rf2 Re3 26. Rcf1 Rd7 27. b4 Rxe4 28. Rc2 Rdd4 29. Rfc1 h5 30. a4 Bh6 0-1

[Event "Nettetal op"]
[Site "Nettetal"]
[Date "2010.07.08"]
[Round "6"]
[White "Valenta, Richard"]
[Black "Herms, Stefan"]
[Result "1/2-1/2"]
[WhiteElo "1726"]
[BlackElo "1956"]
[PlyCount "103"]
[EventDate "2010.07.03"]
[EventType "swiss"]
[EventRounds "9"]
[EventCountry "GER"]
[SourceTitle "CBM 137 Extra"]
[Source "ChessBase"]
[SourceDate "2010.09.01"]
[SourceVersion "1"]
[SourceVersionDate "2010.09.01"]
[SourceQuality "1"]

1. e4 e6 2. d4 d5 3. exd5 exd5 4. Nf3 Bf5 5. Bd3 Bxd3 6. Qxd3 Bd6 7. 0-0 Ne7 8. Re1 0-0 9. Bg5 Qd7 10. Nc3 c6 11. Bxe7 Bxe7 12. Re3 Qd6 13. Ne5 Na6 14. a3 Nc7 15. Rh3 h6 16. Re1 Ne6 17. Qe3 Bg5 18. Qg3 Nf4 19. Nf3 Nxh3+ 20. Qxh3 Rae8 21. Rd1 Bf6 22. Qf5 Re7 23. g3 Rfe8 24. Kg2 Qc7 25. h4 Re6 26. Na4 b6 27. Nc3 Qe7 28. Rh1 g6 29. Qd3 Bg7 30. h5 g5 31. Nd1 Qf6 32. Ne3 Re4 33. Ne5 R8xe5 34. dxe5 Qxe5 35. c3 Qe6 36. Qa6 f5 37. Qxa7 c5 38. Qa8+ Kh7 39. Nxd5 Re2 40. Nc7 Qd7 41. Nd5 Qe6 42. Nc7 Qd7 43. Qf3 Rxb2 44. Re1 g4 45. Qf4 Qc6+ 46. Kg1 Qf6 47. Re6 Qf7 48. Rg6 Re2 49. Qd6 Qc4 50. Ne6 Re1+ 51. Kh2 Rh1+ 52. Kxh1 1/2-1/2

[Event "Dortmund op-B"]
[Site "Dortmund"]
[Date "2009.07.06"]
[Round "3"]
[White "Meyer, Gerd"]
[Black "Valenta, Richard"]
[Result "1-0"]
[WhiteElo "2102"]
[BlackElo "1705"]
[PlyCount "67"]
[EventDate "2009.07.04"]
[EventType "swiss"]
[EventRounds "9"]
[EventCountry "GER"]
[SourceTitle "EXT 2012"]
[Source "ChessBase"]
[SourceDate "2011.11.24"]
[SourceVersion "1"]
[SourceVersionDate "2011.11.24"]
[SourceQuality "1"]

1. e4 e5 2. f4 exf4 3. Nf3 d6 4. d4 Bg4 5. Bxf4 Nf6 6. Bd3 Nc6 7. c3 Be7 8. 0-0 Qd7 9. Nbd2 h5 10. b4 Nh7 11. b5 Nd8 12. e5 Ne6 13. Bg3 h4 14. exd6 hxg3 15. dxe7 gxh2+ 16. Kh1 Nhg5 17. Qb3 Nxf3 18. Nxf3 f6 19. Rae1 Kxe7 20. Bc4 c6 21. Rxe6+ Bxe6 22. Re1 Kd8 23. Bxe6 Qc7 24. Bg8 Qd7 25. b6 a5 26. Be6 Qd6 27. d5 a4 28. Qc4 cxd5 29. Bxd5 Qxb6 30. Qe4 Qd6 31. Nd4 Ra5 32. c4 Rh5 33. Qe8+ Kc7 34. Qxh5 1-0

[Event "Dortmund op-B"]
[Site "Dortmund"]
[Date "2009.07.05"]
[Round "2"]
[White "Valenta, Richard"]
[Black "Huebel, Carsten"]
[Result "1-0"]
[WhiteElo "1705"]
[BlackElo "1270"]
[PlyCount "53"]
[EventDate "2009.07.04"]
[EventType "swiss"]
[EventRounds "9"]
[EventCountry "GER"]
[SourceTitle "EXT 2012"]
[Source "ChessBase"]
[SourceDate "2011.11.24"]
[SourceVersion "1"]
[SourceVersionDate "2011.11.24"]
[SourceQuality "1"]

1. d4 Nf6 2. Bf4 e6 3. e3 Bb4+ 4. c3 Be7 5. Bd3 b6 6. Nd2 Bb7 7. Ngf3 d6 8. Qb3 Nbd7 9. a4 Rb8 10. Qc2 c5 11. dxc5 Nxc5 12. Bb5+ Ncd7 13. Rd1 0-0 14. Bxd7 Bxf3 15. Nxf3 Qxd7 16. e4 Qc6 17. e5 Ne4 18. Nd4 Qd5 19. Nf3 Qxd1+ 20. Qxd1 f5 21. exd6 Rbd8 22. d7 Nf6 23. 0-0 Rxd7 24. Qc2 Rfd8 25. Qxf5 g6 26. Qc2 Bc5 27. Bg5 1-0

[Event "Dortmund op-B"]
[Site "Dortmund"]
[Date "2009.07.04"]
[Round "1"]
[White "Busche, Heinz"]
[Black "Valenta, Richard"]
[Result "0-1"]
[WhiteElo "1380"]
[BlackElo "1705"]
[PlyCount "110"]
[EventDate "2009.07.04"]
[EventType "swiss"]
[EventRounds "9"]
[EventCountry "GER"]
[SourceTitle "EXT 2012"]
[Source "ChessBase"]
[SourceDate "2011.11.24"]
[SourceVersion "1"]
[SourceVersionDate "2011.11.24"]
[SourceQuality "1"]

1. Nf3 d5 2. d4 Bf5 3. e3 Nf6 4. Bd3 Bg6 5. 0-0 e6 6. c4 c6 7. Nc3 Nbd7 8. cxd5 cxd5 9. a3 a6 10. b4 b5 11. Bxg6 hxg6 12. h3 Qc7 13. Bb2 Bd6 14. Rc1 Qb7 15. Ng5 Ke7 16. Re1 Rh5 17. f4 Rah8 18. Rc2 Ne4 19. Ngxe4 dxe4 20. Rce2 Nf6 21. Kf2 g5 22. Bc1 Qc7 23. Qc2 gxf4 24. exf4 Bxf4 25. Bxf4 Qxf4+ 26. Kg1 Ng4 27. Rxe4 Qh2+ 28. Kf1 Qh1+ 29. Ke2 Qxg2+ 30. Kd1 Qxc2+ 31. Kxc2 Nf6 32. Re5 Rxh3 33. Rc5 Kd7 34. a4 bxa4 35. Ra5 Rc8 36. Rc5 Rh2+ 37. Re2 Rxe2+ 38. Nxe2 Nd5 39. Rxc8 Kxc8 40. Kb2 Nxb4 41. Ka3 Nc6 42. Kxa4 Kd7 43. Kb3 Kd6 44. Kc4 g5 45. Ng3 f5 46. Nh5 f4 47. Nf6 Ke7 48. Ng4 a5 49. Kb5 Nxd4+ 50. Kxa5 Nf3 51. Kb4 e5 52. Kc4 e4 53. Kc3 Ke6 54. Kc2 e3 55. Kd1 Ne5 0-1

[Event "Goch op 19th"]
[Site "Goch"]
[Date "2008.10.12"]
[Round "7"]
[White "Valenta, Richard"]
[Black "Goebel, Constantin"]
[Result "0-1"]
[WhiteElo "1733"]
[BlackElo "1906"]
[PlyCount "100"]
[EventDate "2008.10.09"]
[EventType "swiss"]
[EventRounds "7"]
[EventCountry "GER"]
[SourceTitle "EXT 2011"]
[Source "ChessBase"]
[SourceDate "2010.11.26"]
[SourceVersion "1"]
[SourceVersionDate "2010.11.26"]
[SourceQuality "1"]

1. c4 e6 2. Nc3 d5 3. d4 Nf6 4. Bg5 Nbd7 5. e3 c6 6. Nf3 Qa5 7. Bxf6 Nxf6 8. Bd3 Bb4 9. Qc2 Ne4 10. Bxe4 dxe4 11. Nd2 f5 12. 0-0 Bd6 13. Nb3 Qc7 14. h3 0-0 15. c5 Be7 16. Ne2 Bd7 17. Qc4 Rae8 18. Nd2 Kh8 19. b4 Bf6 20. a4 a6 21. Rab1 e5 22. dxe5 Bxe5 23. Rfd1 Be6 24. Qc2 Bd5 25. Nc4 Bxc4 26. Qxc4 g5 27. Rd2 f4 28. Rbd1 Re7 29. Nc3 Rfe8 30. Nxe4 fxe3 31. fxe3 Bh2+ 32. Kh1 Rxe4 33. Qxe4 Rxe4 34. Rd8+ Kg7 35. R1d7+ Re7 36. Rxc7 Bxc7 37. Rd3 Kf6 38. g4 Ke6 39. Kg2 Rd7 40. Rb3 Rd2+ 41. Kf3 Kd5 42. b5 axb5 43. axb5 Kxc5 44. bxc6 bxc6 45. Rb7 Kd6 46. e4 c5 47. e5+ Kc6 48. e6 Kxb7 49. e7 Rd8 50. exd8Q Bxd8 0-1